Sebastián Salazar Bondy : (Registro nro. 29610)
[ vista simple ]
| 000 -LEADER | |
|---|---|
| fixed length control field | 01264cam a2200361 i 4500 |
| 001 - CONTROL NUMBER | |
| control field | 29610 |
| 003 - CONTROL NUMBER IDENTIFIER | |
| control field | Mx-PuUPA |
| 005 - DATE AND TIME OF LATEST TRANSACTION | |
| control field | 20250923123044.0 |
| 008 - FIXED-LENGTH DATA ELEMENTS--GENERAL INFORMATION | |
| fixed length control field | 140415s2005 pe gr 000 0bspa d |
| 017 ## - COPYRIGHT OR LEGAL DEPOSIT NUMBER | |
| Copyright or legal deposit number | 2005-5471 |
| 020 ## - INTERNATIONAL STANDARD BOOK NUMBER | |
| International Standard Book Number | 9972462889 |
| 040 ## - CATALOGING SOURCE | |
| Transcribing agency | Mx-PuUPA |
| Original cataloging agency | Mx-PuUPA |
| Language of cataloging | spa |
| Modifying agency | Mx-PuUPA |
| Description conventions | rda |
| 041 0# - LANGUAGE CODE | |
| Language code of text/sound track or separate title | spa |
| 043 ## - GEOGRAPHIC AREA CODE | |
| Geographic area code | s-pe--- |
| 100 1# - MAIN ENTRY--PERSONAL NAME | |
| Personal name | Hirschhorn, Gérald, |
| Dates associated with a name | 1941- |
| 9 (RLIN) | 17461 |
| Relator term | autor |
| 245 10 - TITLE STATEMENT | |
| Title | Sebastián Salazar Bondy : |
| Remainder of title | pasión por la cultura / |
| Statement of responsibility, etc. | Gérald Hirschhorn ; editor, Odín R. del Pozo O. |
| 250 ## - EDITION STATEMENT | |
| Edition statement | Primera edición / |
| Remainder of edition statement | agosto |
| 264 #1 - PRODUCTION, PUBLICATION, DISTRIBUTION, MANUFACTURE, AND COPYRIGHT NOTICE | |
| Place of production, publication, distribution, manufacture | Lima, Perú : |
| Name of producer, publisher, distributor, manufacturer | Centro de Producción Fondo Editorial : Instituto Francés de Estudios Andinos, |
| Date of production, publication, distribution, manufacture, or copyright notice | 2005 |
| 300 ## - PHYSICAL DESCRIPTION | |
| Extent | 256 páginas ; |
| Dimensions | 23 cm |
| 336 ## - CONTENT TYPE | |
| Fuente | rdacontent |
| Content type term | texto |
| Content type code | txt |
| 337 ## - MEDIA TYPE | |
| Source | rdamedia |
| Media type term | sin medio |
| Media type code | n |
| 338 ## - CARRIER TYPE | |
| Source | rdacarrier |
| Carrier type term | volumen |
| Carrier type code | nc |
| 490 0# - SERIES STATEMENT | |
| Series statement | Coediciones |
| 600 14 - SUBJECT ADDED ENTRY--PERSONAL NAME | |
| Personal name | Salazar Bondy, Sebastián, |
| 650 #7 - SUBJECT ADDED ENTRY--TOPICAL TERM | |
| Source of heading or term | armarc |
| Topical term or geographic name entry element | Autores peruanos |
| Chronological subdivision | Siglo XX |
| Form subdivision | Biografía |
| 650 #7 - SUBJECT ADDED ENTRY--TOPICAL TERM | |
| Source of heading or term | armarc |
| Topical term or geographic name entry element | Críticos |
| Geographic subdivision | Perú |
| 700 1# - ADDED ENTRY--PERSONAL NAME | |
| Personal name | Pozo O. del, Odín, |
| Relator term | editor |
| 942 ## - ADDED ENTRY ELEMENTS (KOHA) | |
| Source of classification or shelving scheme | Dewey Decimal Classification |
| Koha item type | Libro |
| Classification part | 920.980889868 |
| Item part | B67 |
| Withdrawn status | Lost status | Source of classification or shelving scheme | Damaged status | Not for loan | Collection code | Home library | Current library | Shelving location | Date acquired | Source of acquisition | Total Checkouts | Full call number | Barcode | Date last seen | Price effective from | Koha item type |
|---|---|---|---|---|---|---|---|---|---|---|---|---|---|---|---|---|
| Dewey Decimal Classification | General | Biblioteca Karol Wojtyla | Biblioteca Karol Wojtyla | Sala general | 03/12/2013 | Donación | 920.980889868 B67 2005 | 62902 | 05/01/2026 | 03/12/2013 | Libro |